000
00344nam a2200157Ia 4500
008
210430s9999 xx 000 0 und d
020
_a
6/3/11
082
_a
301 G4531A
245
_a
Anthony
250
_a
1094p
260
_a
National Book Foundation
300
_a
Sociology
650
_a
Islamabad
856
_u
BK
942
_c
GEN
_2
ddc
999
_c
562820
_d
562820